000 01499nam0a2200361 4500
001 RU\NLR\BIBL_A\022060550
005 20240212174411.0
010 _a978-5-6050295-1-9
_91000
021 _aRU
_bКН-П-23-061067
_9КН-П-23-6185
035 _a(NLR Aleph) 022060550
035 _a(RuMoRGB)012150770
090 _a12626278
_c12626278
100 _a20231026d2023 u y0rusy50 ca
101 0 _arus
102 _aRU
105 _aаc z 000yy
181 0 _ai
_baxxe
182 0 _an
200 1 _aПолитософия
_fГеннадий Бурбулис
_gавтор предисловия В. А. Лекторский
203 _aТекст
_bвизуальный
_cнепосредственный
210 _aЕкатеринбург
_cПрезидентский центр Б. Н. Ельцина
_d2023
215 _a399 с., [16] л. цв. ил.
_d23
606 1 _aОбщественная мысль
_yРоссийская Федерация
_92086362
_3RU\NLR\AUTH\661262495
610 0 _aполитософия
610 0 _aуниверсальное жизнетворчество
675 _a32-027.21
_v4
686 1 _aТ3(2)74-72
700 1 _aБурбулис
_bГ. Э.
_f1945-1922
_gГеннадий Эдуардович
856 4 _qapplication/pdf
_s[434] с.
_uhttp://dlib.rsl.ru/rsl01012000000/rsl01012150000/rsl01012150770/rsl01012150770.pdf
_yЧитать
942 _cBOOK
980 _aNB